000 00472nam a2200193 a 4500
001 1766480581631
003 YourLibrary
005 20251226120327.0
008 251223s1999##################000#0#eng##
020 _a9780195129076
082 0 4 _a277.3082
_bCAR
100 1 _aCarpenter, Joel A.,
_eauthor.
245 1 0 _aRevive Us Again :
260 _c1999.
300 _a360 pages
650 0 _aReligion.
942 _cENGLISH
040 _aYourLibrary
_beng
_cYourLibrary
999 _c605145
_d605145